Gracie Abrams - Chansons commençant par B - Statistiques

Statistiques générales
  • Ce quiz a été pris 7 fois
  • Le résultat moyen est 5 sur 7
Statistiques - réponses
B % Correct
Best
100%
Better
75%
Block Me Out
75%
Brush Fire
75%
The Blue
75%
The Bottom
75%
Blowing Smoke
50%
Aucun quiz correspondant
Distribution des résultats
% des personnes avec chaque résultat
Percentile par nombre de réponses
Votre historique - résultats
Vous n’avez pas pris ce quiz